Algorithms and data mining techniques for web information retrieval : διπλωματική εργασία

Αποθηκεύτηκε σε:
Λεπτομέρειες βιβλιογραφικής εγγραφής
Κύριος συγγραφέας: Τσουρουγιάννη, Ευγενία
Συγγραφή απο Οργανισμό/Αρχή: Πανεπιστήμιο Αιγαίου Σχολή Επιστημών της Διοίκησης Τμήμα Μηχανικών Οικονομίας και Διοίκησης Μεταπτυχιακό Πρόγραμμα Σπουδών "Οικονομική & Διοίκηση για Μηχανικούς" - Ο.ΔΙ.Μ
Άλλοι συγγραφείς: Αμπαζής, Νικόλαος (Εισηγητής διατριβής), Πλατής, Αγάπιος (Εισηγητής διατριβής), Δούνιας, Γεώργιος Δ. (Εισηγητής διατριβής)
Μορφή: Thesis Βιβλίο
Γλώσσα:Greek
Δημοσίευση: [2011?]
Θέματα:
Ετικέτες: Προσθήκη ετικέτας
Δεν υπάρχουν, Καταχωρήστε ετικέτα πρώτοι!

MARC

LEADER 00000cam a2200000 i 4500
001 1/30821
008 130603q2011 gre d
035 |l 10114627 
040 |a GR-MY-UA  |b gre  |e aacr 
041 0 |a gre 
082 0 |a 658.4038011  |2 (22) 
100 1 |a Τσουρουγιάννη, Ευγενία. 
245 1 0 |a Algorithms and data mining techniques for web information retrieval :  |b διπλωματική εργασία /  |c Ευγενία Τσουρουγιάννη ; επιβλέποντες καθηγητές: Νικόλαος Αμπαζής, Γεώργιος Δούνιας, Αγάπιος Πλατής 
260 |c [2011?] 
300 |a 62 σ.;  |b πίν., διαγρ.;  |c 30 εκ. 
502 # # |a Διατριβή (μεταπτυχιακή) – Πανεπιστήμιο Αιγαίου, Χίος, 2011. 
504 |a Περιλαμβάνει βιβλιογραφία 
650 0 0 |a Information retrieval. 
650 0 0 |a Information storage and retrieval systems. 
650 0 0 |a Data mining. 
650 0 0 |a Management information systems. 
650 0 0 |a Information technology. 
650 0 0 |a Algorithms. 
650 0 0 |a Dissertations, Academic  |z Greece. 
700 1 |a Αμπαζής, Νικόλαος.  |4 ths 
700 1 |a Πλατής, Αγάπιος.  |4 ths 
700 1 |4 ths  |a Δούνιας, Γεώργιος Δ. 
710 1 |a Πανεπιστήμιο Αιγαίου  |b Σχολή Επιστημών της Διοίκησης  |b Τμήμα Μηχανικών Οικονομίας και Διοίκησης  |b Μεταπτυχιακό Πρόγραμμα Σπουδών "Οικονομική & Διοίκηση για Μηχανικούς" - Ο.ΔΙ.Μ. 
852 |a INST  |b CHIOS  |c DIATR  |e 20130603  |h 658.4038011 ΤΣΟ  |p 005200031699  |q 005200031699  |t MTXE  |y 23 
852 |a INST  |b CHIOS  |c DIATR  |e 20130603  |h 658.4038011 ΤΣΟ  |p 005200031700  |q 005200031700  |t MTXE  |y 23 
901 |a BIBL2-2013-2 
909 |a Χ  |b 149439 
909 |a Χ  |b 149440 
924 |a Τσουρουγιάννη  |b Ευγενία  |y Χίος  |z 2011-03 
970 |a ΠΑΡΟΙΚΑΚΗ  |b ΒΑΣΙΛΙΚΗ  |z 2013/06/03